000 00315nam a22001217a 4500
008 181129b xxu||||| |||| 00| 0 eng d
041 _aeng
080 _a043.3
100 _a0
101 _aMTH-MBE
245 _aMenaxhimi i procesit të Prokurorimit (përparësitë dhe mangësitë)
_cKrasniqi,A
942 _2udc
_cBK
999 _c52685
_d52685